[Event "BCF-chT3E 2223 (4NCL)"]
[Site "England"]
[Date "2023.03.26"]
[Round "8.66"]
[White "Boughen, Andrew"]
[Black "Taffel, Jeremy P"]
[Result "1-0"]
[WhiteElo "1706"]
[BlackElo "1762"]
[PlyCount "73"]
[EventDate "2022.11.05"]
[EventType "team-tourn"]
[EventRounds "11"]
[EventCountry "ENG"]
[SourceTitle "EXT 2024"]
[Source "ChessBase"]
[SourceDate "2023.10.10"]
[SourceVersion "1"]
[SourceVersionDate "2023.10.10"]
[SourceQuality "1"]
[WhiteTeam "Surbiton"]
[BlackTeam "Watford"]
[WhiteTeamCountry "ENG"]
[BlackTeamCountry "ENG"]

1. d4 Nf6 2. c4 c5 3. d5 b5 4. Qc2 bxc4 5. e4 d6 6. Bxc4 g6 7. h3 Bg7 8. Nf3 Nbd7 9. 0-0 0-0 10. Re1 Ne8 11. Bf4 Qc7 12. Nc3 a6 13. Qd2 Ne5 14. Nxe5 dxe5 15. Bh6 Nd6 16. b3 Bd7 17. Bxg7 Kxg7 18. f4 Nb5 19. Rf1 Nd4 20. f5 f6 21. g4 g5 22. Rac1 Bb5 23. Ne2 Qb6 24. Kg2 Bxc4 25. Rxc4 Nxe2 26. Qxe2 a5 27. Rfc1 Rfc8 28. Qc2 a4 29. b4 Qb5 30. bxc5 a3 31. Rb1 Qa6 32. Rbb4 Rcb8 33. c6 Qa5 34. Qb3 Qc7 35. Rb7 Qc8 36. Rxe7+ Kf8 37. Rb7 1-0